Lewis.Tsurumaki.Lewis : (Record no. 7701)

000 -LEADER
fixed length control field 02053cam a2200265 i 4500
003 - CONTROL NUMBER IDENTIFIER
control field OSt
005 - DATE AND TIME OF LATEST TRANSACTION
control field 20200317160929.0
008 - FIXED-LENGTH DATA ELEMENTS--GENERAL INFORMATION
fixed length control field 120510t20132013nyua b 000 0 eng
020 ## - INTERNATIONAL STANDARD BOOK NUMBER
International Standard Book Number 9781616890667 (pbk.)
040 ## - CATALOGING SOURCE
Original cataloging agency DLC
Language of cataloging eng
Transcribing agency DLC
Description conventions rda
Modifying agency DLC
082 00 - DEWEY DECIMAL CLASSIFICATION NUMBER
Classification number 720.92/2
Edition number 23
Item number PAU
100 1# - MAIN ENTRY--PERSONAL NAME
Personal name Lewis, Paul,
Dates associated with a name 1966-
245 10 - TITLE STATEMENT
Title Lewis.Tsurumaki.Lewis :
Remainder of title intensities /
Statement of responsibility, etc Paul Lewis, Marc Tsurumaki, David J. Lewis.
250 ## - EDITION STATEMENT
Edition statement First edition.
300 ## - PHYSICAL DESCRIPTION
Extent 191 pages :
Other physical details illustrations (some color) ;
Dimensions 26 cm
504 ## - BIBLIOGRAPHY, ETC. NOTE
Bibliography, etc Includes bibliographical references (pages 186-188).
505 0# - FORMATTED CONTENTS NOTE
Formatted contents note Water Proving Ground -- Switchback House -- Sullivan Family Student Center -- Strategic Assessment, Planning and Design -- Spliced Townhouse -- Ordos Villa 93 -- The Open Planning Project -- New Taipei City Museum of Art -- New New York -- MSK Lobby Wall -- Living and Learning Residence Hall 6 -- The Grid and the Superblock -- Green Sponge -- Glenmore Gardens -- Exhibit on Hollywood Boulevard -- Department of Social and Cultural Analysis -- Claremont Univeristy Consortium -- The Buffet -- Birdhouse -- Arthouse.
520 ## - SUMMARY, ETC.
Summary, etc "Since the release of their best-selling monograph Opportunistic Architecture in 2007, New York City-based Lewis.Tsurumaki.Lewis has picked up a National Design Award from the Cooper-Hewitt National Design Museum while continuing to produce work featuring their unique combination of programmatic wit, material fabrication, and construction. Lewis.Tsurumaki.Lewis: Intensities presents twenty new built and speculative projects ranging from small installations to interior home and office transformations to large cultural institutions and urban renewal plans. The firm's signature drawings and process shots reveal the methods behind their remarkably diverse works"--
610 20 - SUBJECT ADDED ENTRY--CORPORATE NAME
Corporate name or jurisdiction name as entry element Lewis.Tsurumaki.Lewis.
650 #0 - SUBJECT ADDED ENTRY--TOPICAL TERM
Topical term or geographic name as entry element Architecture, Modern
Chronological subdivision 21st century.
650 #7 - SUBJECT ADDED ENTRY--TOPICAL TERM
Topical term or geographic name as entry element ARCHITECTURE / Individual Architects & Firms / General.
Source of heading or term bisacsh
700 1# - ADDED ENTRY--PERSONAL NAME
Personal name Tsurumaki, Marc,
Dates associated with a name 1965-
700 1# - ADDED ENTRY--PERSONAL NAME
Personal name Lewis, David J.,
Dates associated with a name 1966-
942 ## - ADDED ENTRY ELEMENTS (KOHA)
Source of classification or shelving scheme
Holdings
Withdrawn status Lost status Source of classification or shelving scheme Damaged status Koha normalized classification for sorting Not for loan Permanent location Current location Date acquired Full call number Barcode Date last seen Price effective from Koha item type
        720_922000000000000_PAU   BMS College of Architecture, Design and Planning BMS College of Architecture, Design and Planning 2020-03-17 720.922 PAU AR-PG281 2020-03-17 2020-03-17 PG Books
Copyright © 2025, The Librarian, Library and Information Centre, BMSCA D&P, Bengaluru. All Rights Reserved
web counter

Powered by Koha